000
00295nam a22001217a 4500
082
_a
P-317
100
_a
Usman Hassan
_9
48067
245
_a
Bridge Inspection and Evaluation Prectice Manual
260
_a
Risalpur Cantt
_b
MCE
526
_a
0
_b
0
_c
0
_d
P_317
650
_a
Project
942
_2
ddc
_c
BK
999
_c
551103
_d
551103